Asiatische Geographie - C - Statistiken

Allgemein
  • Dieses Quiz wurde 45 mal gespielt
  • Das Durchschnittsergebnis liegt bei 3 aus 10
Antwortstatistiken
Hint Antwort % Korrekt
Hat den inoffiziellen Spitznamen "Reich der Mitte" China
100%
Hauptstadt der Provinz Sichuan Chengdu
41%
Zweitgrößte Stadt in Bangladesch Chittagong
36%
Name der Stadt Kolkata während britischer Kolonialherrschaft Calcutta
31%
Provisorische Hauptstadt dieses Landes im zweiten Weltkrieg Chongqing
31%
Großstadt im nördlichen Thailand Chiang Mai
13%
Hauptstadt der Provinz Hunan Changsha
8%
Südlichste Großstadt Vietnams Cà Mau
3%
Historisches Tor in Hyderabad, Indien Charmina
3%
Viertgrößte Stadt Vietnams Cần Thơ
0%
Keine übereinstimmenden Quizze gefunden
Verteilung der Resultate
Anzahl Personen mit jedem Resultat
Perzentil nach korrekt beantworteten Fragen
Ihre Resultats-Entwicklung
Sie haben dieses Quiz noch nicht gespielt